सोविएत संघराज्य़ वस्तुस्थिती व बोलके आकडे (Record no. 85217)

MARC details
000 -LEADER
fixed length control field 00728nam a2200157Ia 4500
008 - FIXED-LENGTH DATA ELEMENTS--GENERAL INFORMATION
fixed length control field 090124s9999 xx 000 0 und d
082 ## - DEWEY DECIMAL CLASSIFICATION NUMBER
Item number 8048
245 ## - TITLE STATEMENT
Title सोविएत संघराज्य़ वस्तुस्थिती व बोलके आकडे
250 ## - EDITION STATEMENT
Edition statement 0
260 ## - PUBLICATION, DISTRIBUTION, ETC. (IMPRINT)
Name of publisher, distributor, etc सोविएत देश पुस्तिका
Date of publication, distribution, etc 1974
300 ## - PHYSICAL DESCRIPTION
Extent 245
630 ## - SUBJECT ADDED ENTRY--UNIFORM TITLE
Uniform title सोविएत संघराज्य़ वस्तुस्थिती व बोलके आकडे
700 ## - ADDED ENTRY--PERSONAL NAME
Personal name व्लदिमिरोव वा़़य एम.
730 ## - ADDED ENTRY--UNIFORM TITLE
Uniform title सोविएत संघराज्य़ वस्तुस्थिती व बोलके आकडे
942 ## - ADDED ENTRY ELEMENTS (KOHA)
Koha item type Book
Holdings
Withdrawn status Lost status Damaged status Not for loan Home library Current library Date acquired Cost, normal purchase price Total Checkouts Full call number Barcode Date last seen Cost, replacement price Price effective from Koha item type
        Nagar Wachan Mandir, Thane Nagar Wachan Mandir, Thane   1.25   8048 THNNWM-8048 01/24/2009 1.25 01/24/2009 Book